00887nam a2200181 a 4500090001600000041000800016100004400024245012900068260005300197300000900250520033100259650002300590650002200613650002700635662001300662945001500675999001500690 aIAVHb00618 aspa aArce Hernández, María Angels992474 aArchivo de Autoridad Taxonómica ATT de Auchenipteridae, Cetopsidae, Doradidae, Loricariidae y Trichomycteridae de Colombia aBogotábInstituto Alexander von Humboldtc2004 a7 p. aEl listado está conformado por 256 nombre válidos distribuidos en las familias Auchenipteridae, Cetopsidae, Doradidae, Loricariidae y Trichomycteridae, cada una representada por 28, 13, 40, 140 y 35 especies respectivamente. Se reportan además 74 sinominias entre nombres originales incorrectos y sinónimos júnior. aTaxonomía992343 aPeces gato992475 aLista de especies9603 aColombia d2007-08-16 c6123d6123